000 00288nam a2200133Ia 4500
100 _aHorowitz/P
942 _cBK
654 _aelectronics
245 _aArt of Electronics
260 _bCambridge University Press
_aCambridge
_c1994
300 _a1124
546 _aENGLISH
999 _c20226
_d20226